All Asoiaf Houses and their Seats - Statistics

General Stats
  • This quiz has been taken 155 times
  • The average score is 67 of 383
Answer Stats
Region House % Correct
Stark of Winterfell
95%
Bolton of the Dreadfort
80%
Tully of Riverrun
78%
Karstark of Karhold
77%
Grey
75%
Umber of Last Hearth
74%
Frey of the Twins
68%
Reed of Greywater Watch
66%
Baratheon of Storm's End
64%
Lannister of Casterly Rock
60%
Glover of Deepwood Motte
59%
Tyrell of Highgarden
57%
Greyjoy of Pyke
56%
Martell of Sunspear
56%
Whent of Harrenhal
56%
Mallister of Seagard
53%
Arryn of the Eyrie
52%
Flint of Widow's Watch
51%
Hornwood of Hornwood
51%
Manderly of New Castle
51%
Cerwyn of Castle Cerwyn
47%
Blackwood of Raventree Hall
46%
Dayne of Starfall
46%
Flint of Flint's Finger
46%
Tallhart of Torrhen's Square
46%
Mooton of Maidenpool
45%
Bracken of Stone Hedge
44%
Tarly of Horn Hill
44%
Darry of Darry
43%
Hightower of Oldtown
43%
Poole
43%
Targaryen of Dragonstone
43%
Baratheon of Dragonstone
41%
Ryswell of the Rills
40%
Tarth of Evenfall Hall
40%
Lannister of Lannisport
39%
Baratheon of the Red Keep
38%
Cassel
38%
Mormont of Mormont Keep
38%
Piper of Pinkmaiden
37%
Royce of Runestone
37%
Velaryon of Drift Mark
37%
Fossoway of Cider Hall
36%
Stokeworth of Stokeworth
34%
Yronwood of Yronwood
34%
Florent of Brightwater Keep
33%
Connington of Griffin's Roost
32%
Dustin of Barrow Hall
32%
Selmy of Harvest Hall
32%
Clegane of Clegane's Keep
31%
Crakehall of Crakehall
31%
Dondarrion of Blackhaven
31%
Fossoway of New Barrel
31%
Locke of Oldcastle
31%
Smallwood of Acorn Hall
31%
Vance of Atranta
31%
Wayn
31%
Westerling of the Crag
31%
Wull
31%
Long
30%
Norrey
30%
Liddle
28%
Rosby of Rosby
28%
Seaworth
28%
Vance of Wayfarer's Rest
28%
Blackmont of Blackmont
26%
Blackmyre
26%
Haigh
26%
Magnar of Kingshouse
26%
Marsh
26%
Targaryen of the Red Keep
26%
Boggs
25%
Grell
25%
Payne
25%
Burley
24%
Caron of Nightsong
24%
Cox of Saltpans
24%
Crowl of Deepdown
24%
Erenford
24%
Harclay
24%
Stout of Goldgrass
24%
Woolfield
24%
Branch
23%
Condon
23%
Cray
23%
Fenn
23%
Goodbrook
23%
Keath
23%
Mollen
23%
Qorgyle of Sandstone
23%
Quagg
23%
Redwyne of the Arbor
23%
Thenn
23%
Wyl of Wyl
23%
The North Ashwood
22%
Bole
22%
Butterwell of Whitewalls
22%
Dayne of High Hermitage
22%
Knott
22%
Rowan of Goldengrove
22%
Stane of Driftwood Hall
22%
Vypren
22%
Blanetree
21%
Celtigar of Claw Isle
21%
Deddings
21%
Fowler of Skyreach
21%
Greengood
21%
Hawick
21%
Lake
21%
Manwoody of Kingsgrave
21%
Mudd of Oldstones
21%
Overton
21%
Santagar of Spottswood
21%
Slate of Blackpool
21%
Thorne
21%
Wode
21%
Ambrose
20%
Ashford of Ashford
20%
Bigglestone
20%
Charlton
20%
Corbray of Heart's Home
20%
Egen
20%
Estermont of Greenstone
20%
Grafton of Gulltown
20%
Holt
20%
Ironsmith
20%
Lightfoot
20%
Lolliston
20%
Moss
20%
Nayland of Hag's Mire
20%
Oakheart of Old Oak
20%
Paege
20%
Peat
20%
Penrose of Parchments
20%
Redbeard
20%
Redfort of Redfort
20%
Roote of Lord Harroway's Town
20%
Trant of Gallowsgrey
20%
Arryn of Gulltown
18%
Beesbury of Honeyholt
18%
Massey of Stonedance
18%
Nutt
18%
Pemford
18%
Shawney
18%
Terrick
18%
Wells
18%
Allyrion of Godsgrace
17%
Caswell of Bitterbridge
17%
Chambers
17%
Jordayne of Tor
17%
Merryweather of Longtable
17%
Perryn
17%
Ryger of Willow Wood
17%
Uller of the Hellholt
17%
Waterman
17%
Woods
17%
Blacktyde of Blacktyde
16%
Codd
16%
Dalt of Lemonwood
16%
Drinkwater
16%
Gargalen of Salt Shore
16%
Ladybright
16%
Marbrand of Ashemark
16%
Swann of Stonehelm
16%
Toland of Ghost Hill
16%
Vaith of Vaith
16%
Waynwood of Ironoaks
16%
Crane of Red Lake
15%
Farman of Faircastle
15%
Grandison of Grandview
15%
Harlaw of Harlaw Hall
15%
Lefford of the Golden Tooth
15%
Webber of Coldmoat
15%
Banefort of Banefort
14%
Bar Emmon of Sharp Point
14%
Botley of Lordsport
14%
Errol of Haystack Hall
14%
Harlaw of the Ten Towers
14%
Hasty
14%
Hunt
14%
Lydden of Deep Den
14%
Mullendore of Uplands
14%
Peake of Starpike
14%
Rykker of Duskendale
14%
Staunton of Rook's Rest
14%
Buckler of Bronzegate
13%
Goodbrother of Hammerhorn
13%
Hardy
13%
Horpe
13%
Kenning of Kayce
13%
Lonmouth
13%
Mertyns of Mistwood
13%
Belmore of Strongsong
11%
Bolling
11%
Bywater
11%
Drumm of Old Wyk
11%
Farwynd of Sealskin Point
11%
Hardyng
11%
Moore
11%
Serrett of Silverhill
11%
Staedmon of Broad Arch
11%
Wylde of Rain House
11%
Blount
10%
Broom
10%
Cafferen of Fawnton
10%
Costayne of the Three Towers
10%
Foote
10%
Goodbrother of Corpse Lake
10%
Gower
10%
Hayford of Hayford
10%
Ironmaker
10%
Kellington
10%
Lychester of Lychester's Keep
10%
Lynderly of Snakewood
10%
Saltcliffe of Saltcliffe
10%
Swyft of Cornfield
10%
Templeton of Ninestars
10%
Ball
9%
Brax of Hornvale
9%
Bulwer of Blackcrown
9%
Bushy
9%
Cuy of Sunhouse
9%
Follard
9%
Harlaw of Harridan Hill
9%
Hunter of Longbow Hall
9%
Lipps
9%
Longthorpe of Longsister
9%
Longwaters
9%
Morrigen of Crow's Nest
9%
Osgrey of Standfast
9%
Peasebury of Poddingfield
9%
Pryor of Pebble
9%
Rhysling
9%
Wagstaff
9%
Brownhill
8%
Byrch
8%
Chyttering
8%
Donniger
8%
Elesham of the Paps
8%
Farring
8%
Fell of Felwood
8%
Footly of Tumbleton
8%
Gaunt
8%
Goodbrother of Downdelving
8%
Greenfield of Greenfield
8%
Harlaw of Grey Garden
8%
Harlaw of the Tower of Glimmering
8%
Herston
8%
Hetherspoon
8%
Inchfield
8%
Jast
8%
Lanny
8%
Lorch
8%
Melcolm of Old Anchor
8%
Musgood
8%
Oldflowers
8%
Orme
8%
Plumm
8%
Prester of Feastfires
8%
Rambton
8%
Sharp
8%
Shett of Gull Tower
8%
Sunderly of Saltcliffe
8%
Sunglass of Sweetport Sound
8%
Swygert
8%
Algood
7%
Bettley
7%
Blackbar of Bandallon
7%
Brune of Brownhollow
7%
Cave
7%
Coldwater of Coldwater Burn
7%
Crabb of the Whispers
7%
Darkwood
7%
Estren of Wyndhall
7%
Falwell
7%
Goodbrother of Orkmont
7%
Harte
7%
Hersy of Newkeep
7%
Hogg of Sow's Horn
7%
Humble
7%
Kenning of Harlaw
7%
Kettleblack
7%
Lannett
7%
Lantell
7%
Mallery
7%
Netley
7%
Peckledon
7%
Pyle
7%
Pyne
7%
Rogers of Amberly
7%
Sarsfield of Sarsfield
7%
Sunderland of the Three Sisters
7%
Waxley of Wickenden
7%
Wensington
7%
Yew
7%
Appleton of Appleton
6%
Chelsted
6%
Clifton
6%
Cobb
6%
Conklyn
6%
Cressey
6%
Dargood
6%
Darke
6%
Doggett
6%
Ferren
6%
Goodbrother of Crow Spike Keep
6%
Goodbrother of Shatterstone
6%
Graceford of Holyhall
6%
Graves
6%
Hastwyck
6%
Lowther
6%
Merlyn of Pebbleton
6%
Moreland
6%
Norridge
6%
Orkwood of Orkmont
6%
Parren
6%
Spicer of Castamere
6%
Torrent of Littlesister
6%
Tudbury
6%
Turnberry
6%
Uffering
6%
Wendwater
6%
Whitehead of the Weeping Town
6%
Wydman
6%
Wynch of Iron Holt
6%
Yarwyck
6%
Bridges
5%
Cockshaw
5%
Drox
5%
Dunn
5%
Garner
5%
Hutcheson
5%
Kidwell of Ivy Hall
5%
Kyndall
5%
Langward
5%
Leygood
5%
Lyberr
5%
Meadows of Grassfield Keep
5%
Myatt
5%
Norcross
5%
Risley of Risley Glade
5%
Ruthermont
5%
Ruttiger
5%
Stackspear
5%
Tollett of the Grey Glen
5%
Varner
5%
Vyrwel of Darkdell
5%
Weaver
5%
Wythers
5%
Borrell of Breakwater
3%
Breakstone
3%
Brune of the Dyre Den
3%
Buckwell of the Antlers
3%
Cordwayner of Hammerhal
3%
Durwell
3%
Edgerton
3%
Hamell
3%
Hawthorne
3%
Manning
3%
Middlebury
3%
Myre of Harlaw
3%
Pommingham
3%
Redding
3%
Roxton of the Ring
3%
Stonehouse of Old Wyk
3%
Stonetree of Harlaw
3%
Tawney of Orkmont
3%
Vikary
3%
Willum
3%
Woodhull
3%
Farwynd of the Lonely Night
2%
Rollingford
2%
Sheperd
2%
Shermer of Smithyton
2%
Sloane
2%
Sparr of Great Wyk
2%
Stackhouse
2%
Westbrook
2%
Woodwright
2%
Yelshire
2%
Upcliff of the Witch Isle
1%
No matching quizzes found
Score Distribution
Percent of People with Each Score
Percentile by Number Answered
Your Score History
You have not taken this quiz